| 000 | 00458nam a2200181Ia 4500 | ||
|---|---|---|---|
| 003 | GCL | ||
| 008 | 140319s9999 xx 000 0 eng d | ||
| 040 |
_aGCL / _cGCL |
||
| 082 | 0 | 4 |
_a512 _bW I |
| 100 | 1 | _aWRIGHT, D. FRANKLIN | |
| 245 | 1 | 0 |
_aINTERMEDIATE ALGEBRA / _cWRIGHT, D. FRANKLIN |
| 700 | 1 | _aNEW, BILL | |
| 260 |
_a[S.N] : _bWM. C. BROWN PUBLISHERS ، _c1990 |
||
| 300 | _a524 P | ||
| 650 | 0 | 4 | _aMATHEMATICS |
| 650 | 0 | 4 | _aALGEBRA |
| 942 |
_2ddc _cBK |
||
| 999 |
_c10661 _d10661 |
||